Paises reconocidos por Bután - Estadísticas

Estadísticas generales
  • Esta prueba ha sido intentada 81 veces
  • La puntuación promedio es 29 de 54
Respuestas en el mapa
Las respuestas están codificadas por una escala verde-roja en el mapa de la prueba según el % correcto abajo.
 
Estadísticas de respuestas
Países % Correcto
España
96%
Brasil
87%
India
87%
Australia
84%
Argentina
82%
Canadá
81%
Alemania
76%
Japón
76%
Nepal
76%
Indonesia
72%
Tailandia
72%
Bangladés
71%
Myanmar
71%
Suecia
71%
Pakistán
69%
Vietnam
69%
Colombia
68%
Egipto
66%
Finlandia
66%
Noruega
66%
Corea del Sur
65%
Mongolia
63%
Omán
63%
Marruecos
62%
Afganistán
60%
Malasia
60%
Polonia
59%
Dinamarca
57%
Sri Lanka
56%
Cuba
53%
Austria
51%
Bélgica
50%
Emiratos Árabes Unidos
49%
Países Bajos
49%
República Checa
47%
Serbia
47%
Israel
46%
Kazajistán
46%
Maldivas
43%
Singapur
41%
Armenia
40%
Baréin
37%
Eslovaquia
35%
Azerbaiyán
34%
Costa Rica
34%
Eslovenia
31%
Kuwait
31%
Andorra
29%
Luxemburgo
25%
Fiyi
19%
Esuatini
15%
Esuatini
15%
Lesoto
15%
Mauricio
13%
No se encontraron pruebas coincidentes
Distribución de puntuación
Porcentaje de gente con cada puntuación
Porcentaje por número respondido
Historial de tus puntuaciones
No has intentado esta prueba.